[Event "GRE-chT Online Rapid (Women) 1st"]
[Site "Tornelo INT"]
[Date "2021.02.20"]
[Round "2.1"]
[White "Avramidou, Anastasia"]
[Black "Mastrakouli, Evagelia"]
[Result "1-0"]
[WhiteElo "2238"]
[BlackElo "1850"]
[PlyCount "55"]
[EventDate "2021.02.20"]
[EventType "team-swiss (rapid)"]
[EventRounds "9"]
[EventCountry "GRE"]
[SourceTitle "EXT 2023"]
[Source "ChessBase"]
[SourceDate "2022.10.05"]
[SourceVersion "1"]
[SourceVersionDate "2022.10.05"]
[SourceQuality "1"]

1. d4 Nf6 2. c4 e6 3. Nc3 d5 4. cxd5 exd5 5. Bg5 Be7 6. e3 0-0 7. Bd3 c6 8. Qc2 h6 9. Bh4 Bg4 10. Nf3 Nbd7 11. h3 Be6 12. 0-0-0 c5 13. dxc5 Nxc5 14. Nd4 Nfe4 15. Bxe4 Bxh4 16. Bf3 Rc8 17. Kb1 Bf6 18. Rd2 Qd7 19. g4 Bxd4 20. Rxd4 f5 21. Bxd5 Qf7 22. gxf5 Qxf5 23. Qxf5 Rxf5 24. b4 Bxd5 25. Nxd5 Ne6 26. Ne7+ Kf8 27. Nxf5 Nxd4 28. Nxd4 1-0

[Event "Paleochora op 12th"]
[Site "Paleochora"]
[Date "2019.07.14"]
[Round "3"]
[White "Ramirez Alvarez, Alejandro"]
[Black "Mastrakouli, Evagelia"]
[Result "1-0"]
[WhiteElo "2585"]
[BlackElo "1788"]
[PlyCount "43"]
[EventDate "2019.07.13"]
[EventType "swiss"]
[EventRounds "9"]
[EventCountry "GRE"]
[SourceTitle "EXT 2020"]
[Source "ChessBase"]
[SourceDate "2019.10.17"]
[SourceVersion "1"]
[SourceVersionDate "2019.10.17"]
[SourceQuality "1"]

1. e4 e6 2. d4 c5 3. d5 exd5 4. exd5 d6 5. Nc3 g6 6. h3 Bg7 7. Nf3 Nf6 8. Bd3 0-0 9. 0-0 Na6 10. Re1 Nc7 11. Bf1 a6 12. a4 Rb8 13. a5 b5 14. axb6 Rxb6 15. Nd2 Nb5 16. Nc4 Nxc3 17. bxc3 Rb8 18. Bf4 Ne8 19. Qd2 Qf6 20. Ra3 Bd7 21. Bg5 Qf5 22. g4 1-0

[Event "Thessaloniki Novidis op 8th"]
[Site "Thessaloniki"]
[Date "2019.06.19"]
[Round "6"]
[White "Mastrakouli, Evagelia"]
[Black "Orfanidis, Kyriakos"]
[Result "0-1"]
[WhiteElo "1783"]
[BlackElo "1090"]
[PlyCount "152"]
[EventDate "2019.06.14"]
[EventType "swiss"]
[EventRounds "7"]
[EventCountry "GRE"]
[SourceTitle "EXT 2020"]
[Source "ChessBase"]
[SourceDate "2019.10.17"]
[SourceVersion "1"]
[SourceVersionDate "2019.10.17"]
[SourceQuality "1"]

1. d4 Nf6 2. Nf3 e6 3. c4 b6 4. e3 Bb7 5. Bd3 d5 6. 0-0 Be7 7. a3 0-0 8. b4 dxc4 9. Bxc4 c5 10. bxc5 bxc5 11. Nbd2 Nbd7 12. Re1 Ne4 13. Nxe4 Bxe4 14. d5 Bf6 15. Ra2 Nb6 16. Nd2 Bxd5 17. Bxd5 exd5 18. e4 d4 19. a4 Qc7 20. a5 Nd7 21. Qg4 Ne5 22. Qg3 Qe7 23. Rf1 Qe6 24. Rc2 d3 25. Rxc5 Rac8 26. Rxc8 Rxc8 27. f4 Nc6 28. Qxd3 Nxa5 29. Qb5 Qb6+ 30. Qxb6 axb6 31. Kf2 Bd4+ 32. Ke2 Kf8 33. Ba3+ Ke8 34. e5 Rc3 35. Bb2 Re3+ 36. Kf2 Rd3+ 37. Bxd4 Rxd2+ 38. Ke3 Nc4+ 39. Ke4 Rxg2 40. Rd1 b5 41. Ra1 Rd2 42. Ra8+ Ke7 43. Ra7+ Ke8 44. Rb7 f5+ 45. exf6 Nd6+ 46. Ke3 Nxb7 47. Kxd2 g6 48. f5 gxf5 49. Ke3 Nd6 50. Kf4 Kf7 51. Ke5 Ne8 52. Kxf5 b4 53. Be5 b3 54. h4 h6 55. Bd4 Nd6+ 56. Kg4 Kg6 57. h5+ Kf7 58. Kf4 Nc4 59. Kf5 b2 60. Bxb2 Nxb2 61. Ke5 Nd3+ 62. Ke4 Nc5+ 63. Kf5 Nd7 64. Kg4 Nxf6+ 65. Kh4 Kg7 66. Kh3 Nxh5 67. Kh4 Nf6 68. Kg3 Kg6 69. Kh4 h5 70. Kg3 Kg5 71. Kh3 Ne4 72. Kg2 Kh4 73. Kh2 Nf6 74. Kh1 Kg3 75. Kg1 Ng4 76. Kh1 Nf2+ 0-1

[Event "Thessaloniki Novidis op 8th"]
[Site "Thessaloniki"]
[Date "2019.06.17"]
[Round "4"]
[White "Mastrakouli, Evagelia"]
[Black "Argiroudis, Stamatis"]
[Result "0-1"]
[WhiteElo "1783"]
[BlackElo "2288"]
[PlyCount "64"]
[EventDate "2019.06.14"]
[EventType "swiss"]
[EventRounds "7"]
[EventCountry "GRE"]
[SourceTitle "EXT 2020"]
[Source "ChessBase"]
[SourceDate "2019.10.17"]
[SourceVersion "1"]
[SourceVersionDate "2019.10.17"]
[SourceQuality "1"]

1. d4 Nf6 2. Nf3 g6 3. g3 Bg7 4. Bg2 0-0 5. 0-0 d6 6. c4 Nc6 7. d5 Na5 8. Nbd2 c5 9. e4 a6 10. Qe2 e6 11. dxe6 Bxe6 12. e5 dxe5 13. Nxe5 Re8 14. f4 Nd7 15. Rd1 Nxe5 16. fxe5 Qd4+ 17. Kh1 Qxe5 18. Qxe5 Bxe5 19. Ne4 Rad8 20. Bg5 Rxd1+ 21. Rxd1 Nxc4 22. Nxc5 Nxb2 23. Re1 Bc3 24. Re2 h6 25. Bxh6 Rd8 26. Bxb7 Bh3 27. Kg1 Bd4+ 28. Be3 Bxc5 29. Bxc5 Rd1+ 30. Kf2 Nd3+ 31. Kf3 Nxc5 32. Be4 f5 0-1

[Event "GRE-chT 45th"]
[Site "Achaia"]
[Date "2017.07.08"]
[Round "7.7"]
[White "Mastrakouli, Evagelia"]
[Black "Kokkota, Eleni"]
[Result "1-0"]
[WhiteElo "1783"]
[BlackElo "1614"]
[PlyCount "72"]
[EventDate "2017.07.03"]
[EventType "team-swiss"]
[EventRounds "7"]
[EventCountry "GRE"]
[SourceTitle "CBM 179 Extra"]
[Source "ChessBase"]
[SourceDate "2017.08.23"]
[SourceVersion "1"]
[SourceVersionDate "2017.08.23"]
[SourceQuality "1"]
[WhiteTeam "Sykeon Neapolis"]
[BlackTeam "Korinthias Argonaftis"]
[WhiteTeamCountry "GRE"]
[BlackTeamCountry "GRE"]

1. d4 Nf6 2. c4 e6 3. Nc3 Bb4 4. e3 0-0 5. Bd3 c5 6. Nf3 d5 7. 0-0 cxd4 8. exd4 Bxc3 9. bxc3 dxc4 10. Bxc4 Qc7 11. Qe2 Nc6 12. Bg5 Nd5 13. Rac1 Qd6 14. Qe4 Bd7 15. Bd3 f5 16. Qh4 Rae8 17. c4 Nde7 18. c5 Qc7 19. Bf4 Qa5 20. Bd6 Ng6 21. Qh5 Rf6 22. Bc4 Nce7 23. Rfe1 Nc8 24. Be5 Nxe5 25. Nxe5 Bb5 26. Bxb5 Qxb5 27. Rb1 Qa4 28. Rb4 g6 29. Qxh7+ Kxh7 30. Rxa4 Rd8 31. Rb1 b6 32. cxb6 axb6 33. Ra8 Rff8 34. Nc6 Rde8 35. Na7 Kg7 36. Kf1 Kf6 1-0

[Event "GRE-chT U16 9th"]
[Site "Thessaloniki"]
[Date "2016.12.18"]
[Round "6.5"]
[White "Mastrakouli, Evagelia"]
[Black "Bania, Eleni"]
[Result "1-0"]
[WhiteElo "1670"]
[BlackElo "1310"]
[PlyCount "99"]
[EventDate "2016.12.15"]
[EventType "team-swiss"]
[EventRounds "6"]
[EventCountry "GRE"]
[SourceTitle "CBM 176 Extra"]
[Source "ChessBase"]
[SourceDate "2017.03.02"]
[SourceVersion "1"]
[SourceVersionDate "2017.03.02"]
[SourceQuality "1"]
[WhiteTeam "Neapolis Sykeon"]
[BlackTeam "Patron"]
[WhiteTeamCountry "GRE"]
[BlackTeamCountry "GRE"]

1. d4 d5 2. c4 e6 3. Nc3 Nf6 4. Nf3 Be7 5. Bg5 0-0 6. e3 b6 7. Bd3 Bb7 8. 0-0 Nbd7 9. Qe2 Ne4 10. Bf4 Ndf6 11. Ne5 c5 12. f3 cxd4 13. exd4 Nd6 14. c5 bxc5 15. dxc5 Nde8 16. b4 Qc8 17. Rfc1 a5 18. c6 Bxc6 19. Nb5 axb4 20. Nxc6 Qb7 21. Nxe7+ Qxe7 22. Rcb1 Nh5 23. Bd2 Qf6 24. Bxb4 Nf4 25. Qc2 Qg5 26. Bf1 Rc8 27. Qb2 Nf6 28. Bxf8 Rxf8 29. Kh1 N6h5 30. Qf2 e5 31. a4 e4 32. a5 e3 33. Qxe3 Ng3+ 34. hxg3 Qh6+ 35. Kg1 Nh3+ 36. gxh3 Qxe3+ 37. Kg2 Qd2+ 38. Kh1 g6 39. a6 Qf2 40. Nc7 Qxf3+ 41. Bg2 Qxg3 42. Rb7 g5 43. a7 g4 44. Rb8 gxh3 45. Rxf8+ Kxf8 46. a8Q+ Kg7 47. Ne8+ Kh6 48. Qc6+ Kg5 49. Qf6+ Kg4 50. Ra4+ 1-0

[Event "GRE-chT U16 9th"]
[Site "Thessaloniki"]
[Date "2016.12.17"]
[Round "5.5"]
[White "Vozinaki, Anthi Maria"]
[Black "Mastrakouli, Evagelia"]
[Result "0-1"]
[WhiteElo "1936"]
[BlackElo "1670"]
[PlyCount "88"]
[EventDate "2016.12.15"]
[EventType "team-swiss"]
[EventRounds "6"]
[EventCountry "GRE"]
[SourceTitle "CBM 176 Extra"]
[Source "ChessBase"]
[SourceDate "2017.03.02"]
[SourceVersion "1"]
[SourceVersionDate "2017.03.02"]
[SourceQuality "1"]
[WhiteTeam "Chanion"]
[BlackTeam "Neapolis Sykeon"]
[WhiteTeamCountry "GRE"]
[BlackTeamCountry "GRE"]

1. e4 c5 2. Nf3 e6 3. d4 cxd4 4. Nxd4 Nc6 5. Nb5 d6 6. c4 Nf6 7. N1c3 a6 8. Na3 b6 9. Be2 Bb7 10. Be3 Nb8 11. f3 Nbd7 12. 0-0 Be7 13. Qd2 0-0 14. Nc2 Qc7 15. Rfc1 Rac8 16. a4 Bd8 17. a5 bxa5 18. Nd4 Nc5 19. Qd1 Qb8 20. Kh1 Ba8 21. Ra2 d5 22. exd5 exd5 23. Na4 Nxa4 24. Rxa4 Qe5 25. Bg1 Bc7 26. c5 Nh5 27. Qe1 Qg5 28. Bf2 Rfe8 29. Qf1 Nf4 30. Bxa6 Rb8 31. b3 Nxg2 32. Rc3 Nf4 33. Bg3 Re7 34. c6 Rbe8 35. Rc1 h5 36. Qg1 Nh3 37. Qf1 Bxg3 38. hxg3 Qxg3 39. Qg2 Re1+ 40. Rxe1 Rxe1+ 41. Bf1 Rxf1+ 42. Qxf1 Nf2+ 43. Qxf2 Qxf2 44. Rxa5 Qe1+ 0-1

[Event "GRE-chT 44th"]
[Site "Achaia"]
[Date "2016.07.08"]
[Round "5.14"]
[White "Mastrakouli, Evagelia"]
[Black "Farantouri, Marina"]
[Result "1-0"]
[WhiteElo "1636"]
[BlackElo "1422"]
[PlyCount "53"]
[EventDate "2016.07.05"]
[EventType "team-swiss"]
[EventRounds "7"]
[EventCountry "GRE"]
[SourceTitle "CBM 173 Extra"]
[Source "ChessBase"]
[SourceDate "2016.08.29"]
[SourceVersion "1"]
[SourceVersionDate "2016.08.29"]
[SourceQuality "1"]
[WhiteTeam "Naples Sykeon"]
[BlackTeam "New Filadelfeias"]
[WhiteTeamCountry "GRE"]
[BlackTeamCountry "GRE"]

1. d4 d5 2. Nf3 Nf6 3. Bf4 e6 4. Nbd2 Bd6 5. Bg3 0-0 6. e3 c5 7. c3 Bxg3 8. hxg3 Nbd7 9. Ne5 cxd4 10. exd4 g6 11. Bd3 Nxe5 12. dxe5 Nd7 13. Qe2 a6 14. Rh4 f6 15. Rxh7 f5 16. Rh2 Kg7 17. 0-0-0 Rh8 18. Rdh1 Rxh2 19. Rxh2 b5 20. Nf3 Qc7 21. Qe3 Nf8 22. Qg5 Kg8 23. Rh6 Qg7 24. g4 Ra7 25. gxf5 gxf5 26. Qh5 Nh7 27. Rg6 1-0

[Event "GRE-chT 44th"]
[Site "Achaia"]
[Date "2016.07.05"]
[Round "1.8"]
[White "Mastrakouli, Evagelia"]
[Black "Amiridou, Dimitra"]
[Result "0-1"]
[WhiteElo "1636"]
[BlackElo "1729"]
[PlyCount "58"]
[EventDate "2016.07.05"]
[EventType "team-swiss"]
[EventRounds "7"]
[EventCountry "GRE"]
[SourceTitle "CBM 173 Extra"]
[Source "ChessBase"]
[SourceDate "2016.08.29"]
[SourceVersion "1"]
[SourceVersionDate "2016.08.29"]
[SourceQuality "1"]
[WhiteTeam "Naples Sykeon"]
[BlackTeam "Oreokastrou Marion"]
[WhiteTeamCountry "GRE"]
[BlackTeamCountry "GRE"]

1. d4 Nf6 2. c4 g6 3. Nc3 Bg7 4. e4 d6 5. Nge2 0-0 6. Ng3 e5 7. d5 Nbd7 8. Be2 Ne8 9. 0-0 f5 10. exf5 gxf5 11. f4 e4 12. Nb5 Nc5 13. Rb1 c6 14. Nd4 cxd5 15. b4 Nd3 16. Be3 dxc4 17. Nh5 Bh8 18. g4 Ng7 19. Nxg7 Bxg7 20. gxf5 Bxf5 21. Bg4 Bxd4 22. Bxd4 Qh4 23. Bh5 Bh3 24. Qe2 Bxf1 25. Rxf1 Nxf4 26. Rxf4 Qxf4 27. Qxc4+ Rf7 28. Bxf7+ Qxf7 29. Qe2 Qg6+ 0-1

[Event "GRE-ch U16 Girls"]
[Site "Porto Rio"]
[Date "2016.06.29"]
[Round "3"]
[White "Mastrakouli, Evagelia"]
[Black "Papaefstratiou, Despina"]
[Result "1-0"]
[WhiteElo "1685"]
[BlackElo "1330"]
[PlyCount "71"]
[EventDate "2016.06.28"]
[EventType "swiss"]
[EventRounds "9"]
[EventCountry "GRE"]
[SourceTitle "CBM 173 Extra"]
[Source "ChessBase"]
[SourceDate "2016.08.29"]
[SourceVersion "1"]
[SourceVersionDate "2016.08.29"]
[SourceQuality "1"]

1. d4 Nf6 2. c4 d6 3. Nc3 Nbd7 4. e4 e5 5. d5 Be7 6. Nf3 0-0 7. Be2 c6 8. 0-0 a6 9. Be3 cxd5 10. cxd5 b5 11. a3 Bb7 12. Qb3 Re8 13. a4 Bf8 14. axb5 a5 15. Nd2 Nb6 16. Na4 Nfd7 17. Nc4 Nxc4 18. Qxc4 Rc8 19. Qa2 Ra8 20. Rfc1 Qb8 21. Rc3 Rc8 22. Ra3 Qc7 23. Bg4 Nf6 24. Bxc8 Rxc8 25. Rc3 Qb8 26. Rxc8 Bxc8 27. Nc3 Bb7 28. Qxa5 Be7 29. Qa7 Qc8 30. Rc1 Qd7 31. Qb8+ Bf8 32. b6 Ba6 33. Qc7 h6 34. Qxd7 Nxd7 35. Ra1 Nb8 36. b4 1-0

[Event "GRE-ch U16 Girls"]
[Site "Porto Rio"]
[Date "2016.06.29"]
[Round "2"]
[White "Stratigi, Evangelia"]
[Black "Mastrakouli, Evagelia"]
[Result "1-0"]
[WhiteElo "1565"]
[BlackElo "1685"]
[PlyCount "59"]
[EventDate "2016.06.28"]
[EventType "swiss"]
[EventRounds "9"]
[EventCountry "GRE"]
[SourceTitle "CBM 173 Extra"]
[Source "ChessBase"]
[SourceDate "2016.08.29"]
[SourceVersion "1"]
[SourceVersionDate "2016.08.29"]
[SourceQuality "1"]

1. e4 c5 2. Nf3 d6 3. c3 Nf6 4. Be2 e6 5. 0-0 Be7 6. Re1 0-0 7. Bf1 b6 8. d3 Bb7 9. Bg5 Nbd7 10. Nbd2 b5 11. d4 c4 12. b3 cxb3 13. axb3 a6 14. Bd3 h6 15. Bh4 e5 16. Bg3 Qc7 17. Rc1 Rfd8 18. Nh4 Qb6 19. Nf5 Bf8 20. Nf3 g6 21. N5h4 g5 22. Nf5 b4 23. c4 g4 24. Nxe5 dxe5 25. dxe5 Nc5 26. exf6 Nxd3 27. Qxg4+ Kh7 28. Ne7 h5 29. Qg8+ Kh6 30. Nf5# 1-0

[Event "GRE-ch U16 Girls"]
[Site "Porto Rio"]
[Date "2016.06.28"]
[Round "1"]
[White "Mastrakouli, Evagelia"]
[Black "Petraki, Argiro"]
[Result "1-0"]
[WhiteElo "1685"]
[BlackElo "1471"]
[PlyCount "67"]
[EventDate "2016.06.28"]
[EventType "swiss"]
[EventRounds "9"]
[EventCountry "GRE"]
[SourceTitle "CBM 173 Extra"]
[Source "ChessBase"]
[SourceDate "2016.08.29"]
[SourceVersion "1"]
[SourceVersionDate "2016.08.29"]
[SourceQuality "1"]

1. d4 d5 2. c4 e6 3. Nc3 Nf6 4. Nf3 c6 5. Bg5 Nbd7 6. Qc2 Be7 7. e3 0-0 8. Bd3 dxc4 9. Bxc4 b5 10. Bd3 Bb7 11. e4 h6 12. Bh4 Rc8 13. e5 Nd5 14. Bxe7 Nxe7 15. 0-0 b4 16. Ne4 c5 17. Nd6 Rc7 18. Nb5 Bxf3 19. Nxc7 Qxc7 20. gxf3 Nc6 21. Rad1 Qd8 22. dxc5 Qg5+ 23. Kh1 Ndxe5 24. Be4 Qf4 25. Qd2 Qxd2 26. Rxd2 Ne7 27. Rfd1 N5c6 28. Rd7 Rc8 29. Rb7 Kf8 30. Rdd7 Ke8 31. Bxc6 Nxc6 32. Rxf7 Na5 33. Rxa7 Rxc5 34. Rxg7 1-0

[Event "GRE-ch U16 Girls"]
[Site "Kavala"]
[Date "2016.01.05"]
[Round "5"]
[White "Mastrakouli, Evagelia"]
[Black "Vasileiou, Aimilia"]
[Result "1/2-1/2"]
[WhiteElo "1707"]
[BlackElo "1718"]
[PlyCount "72"]
[EventDate "2016.01.02"]
[EventType "swiss"]
[EventRounds "9"]
[EventCountry "GRE"]
[SourceTitle "EXT 2024"]
[Source "ChessBase"]
[SourceDate "2023.10.10"]
[SourceVersion "1"]
[SourceVersionDate "2023.10.10"]
[SourceQuality "1"]

1. d4 Nf6 2. c4 e5 3. dxe5 Ng4 4. Bf4 Nc6 5. Nf3 Bb4+ 6. Nbd2 Qe7 7. a3 Bxd2+ 8. Qxd2 Ngxe5 9. Nxe5 Nxe5 10. Qc3 d6 11. c5 Bf5 12. e3 0-0 13. Be2 Be4 14. 0-0 Qf6 15. Rad1 Qg6 16. f3 Bf5 17. Bxe5 dxe5 18. Qxe5 Rae8 19. Qxc7 Rxe3 20. Bc4 Bd3 21. Bxd3 Rxd3 22. Qxb7 Rxd1 23. Rxd1 Qc2 24. Qd5 Qxb2 25. Qd3 Qe5 26. Rc1 Rc8 27. c6 g6 28. c7 Kg7 29. Qe4 Qb2 30. Qc6 Qxa3 31. Re1 Qa5 32. Re7 Qb6+ 33. Qxb6 axb6 34. Rd7 Kf6 35. Rd6+ Ke7 36. Rxb6 Rxc7 1/2-1/2

[Event "GRE-chT 43rd"]
[Site "Porto Rio"]
[Date "2015.10.11"]
[Round "6.4"]
[White "Mastrakouli, Evagelia"]
[Black "Vozinaki, Anthi Maria"]
[Result "1-0"]
[WhiteElo "1640"]
[BlackElo "1811"]
[PlyCount "73"]
[EventDate "2015.10.08"]
[EventType "team-swiss"]
[EventRounds "7"]
[EventCountry "GRE"]
[SourceTitle "CBM 168 Extra"]
[Source "ChessBase"]
[SourceDate "2015.10.29"]
[SourceVersion "1"]
[SourceVersionDate "2015.10.29"]
[SourceQuality "1"]
[WhiteTeam "OFI"]
[BlackTeam "Chania ADA"]
[WhiteTeamCountry "GRE"]
[BlackTeamCountry "GRE"]

1. d4 d5 2. c4 e6 3. Nc3 Nf6 4. Nf3 c6 5. e3 Nbd7 6. Bd3 dxc4 7. Bxc4 b5 8. Bd3 a6 9. e4 Be7 10. Bf4 0-0 11. 0-0 Bb7 12. Rc1 Nb6 13. Bb1 Rc8 14. Qd3 g6 15. Rfd1 Nc4 16. Qe2 Qa5 17. Bg5 Rfe8 18. e5 Nd5 19. Ne4 Bf8 20. Nf6+ Nxf6 21. exf6 c5 22. b3 Na3 23. Be4 Bxe4 24. Qxe4 c4 25. Qf4 Qb4 26. bxc4 Nxc4 27. Bh6 Red8 28. Qh4 Bxh6 29. Qxh6 Qf8 30. Qh4 Nd6 31. Qf4 Nf5 32. g4 Qd6 33. Rxc8 Rxc8 34. Ne5 Rc5 35. gxf5 exf5 36. Qh6 Qxf6 37. dxc5 1-0

[Event "Heraklion Gazi op 10th"]
[Site "Heraklion"]
[Date "2014.08.04"]
[Round "7"]
[White "Mastrakoulis, Dimitrios"]
[Black "Mastrakouli, Evagelia"]
[Result "1-0"]
[WhiteElo "1747"]
[BlackElo "1502"]
[PlyCount "99"]
[EventDate "2014.07.30"]
[EventType "swiss"]
[EventRounds "9"]
[EventCountry "GRE"]
[SourceTitle "EXT 2016"]
[Source "ChessBase"]
[SourceDate "2015.10.08"]
[SourceVersion "1"]
[SourceVersionDate "2015.10.08"]
[SourceQuality "1"]

1. b3 Nf6 2. d3 d5 3. e3 c5 4. g3 Nc6 5. Bg2 Bg4 6. f3 Bh5 7. Ne2 d4 8. Nf4 Bg6 9. e4 e5 10. Nxg6 hxg6 11. 0-0 g5 12. Bxg5 Be7 13. f4 Nh5 14. Bxe7 Qxe7 15. Qg4 Rd8 16. Nd2 Rd6 17. Nc4 Rg6 18. Qc8+ Nd8 19. Nxe5 Rgh6 20. Qg4 Nf6 21. Qf3 Rxh2 22. Ng4 Nxg4 23. Qxg4 Qf6 24. Kf2 R8h3 25. Kf3 Rh6 26. Rh1 Nc6 27. Qc8+ Nd8 28. Rxh2 Rxh2 29. Rh1 Rxh1 30. Bxh1 Qh6 31. Bg2 b6 32. Bh3 Qd6 33. a3 Kf8 34. Kf2 Ke8 35. e5 Qd5 36. Bg2 Qd7 37. Qxd7+ Kxd7 38. Bd5 f6 39. exf6 gxf6 40. g4 Kd6 41. Bg8 b5 42. Kf3 a5 43. Ke4 a4 44. bxa4 bxa4 45. Bd5 Ne6 46. Bc4 Nc7 47. Kf5 Ke7 48. g5 fxg5 49. fxg5 Kf8 50. Kg6 1-0

[Event "Heraklion Gazi op 10th"]
[Site "Heraklion"]
[Date "2014.08.02"]
[Round "5"]
[White "Mastrakouli, Evagelia"]
[Black "Grapsa, Georgia"]
[Result "0-1"]
[WhiteElo "1502"]
[BlackElo "2032"]
[PlyCount "54"]
[EventDate "2014.07.30"]
[EventType "swiss"]
[EventRounds "9"]
[EventCountry "GRE"]
[SourceTitle "EXT 2016"]
[Source "ChessBase"]
[SourceDate "2015.10.08"]
[SourceVersion "1"]
[SourceVersionDate "2015.10.08"]
[SourceQuality "1"]

1. e4 c5 2. Nf3 d6 3. Bb5+ Nd7 4. d4 cxd4 5. Nxd4 Ngf6 6. Nc3 a6 7. Bxd7+ Bxd7 8. 0-0 e5 9. Nb3 Bc6 10. Qe1 Be7 11. f4 0-0 12. f5 b5 13. a3 a5 14. Bg5 b4 15. Bxf6 Bxf6 16. Nd5 Bxd5 17. exd5 Qb6+ 18. Kh1 Rac8 19. axb4 Rxc2 20. Nxa5 Qb5 21. Qe4 Rxb2 22. Rfb1 Rd2 23. Rd1 Rd4 24. Rxd4 exd4 25. Nc6 d3 26. Ra5 d2 27. Qc2 Qf1# 0-1

[Event "Heraklion Gazi op 10th"]
[Site "Heraklion"]
[Date "2014.07.30"]
[Round "1"]
[White "Mastrakouli, Evagelia"]
[Black "Mirzoev, Azer"]
[Result "0-1"]
[WhiteElo "1502"]
[BlackElo "2554"]
[PlyCount "64"]
[EventDate "2014.07.30"]
[EventType "swiss"]
[EventRounds "9"]
[EventCountry "GRE"]
[SourceTitle "EXT 2016"]
[Source "ChessBase"]
[SourceDate "2015.10.08"]
[SourceVersion "1"]
[SourceVersionDate "2015.10.08"]
[SourceQuality "1"]

1. e4 Nf6 2. e5 Nd5 3. c4 Nb6 4. d4 d6 5. exd6 cxd6 6. Nf3 g6 7. Nc3 Bg7 8. Be2 0-0 9. 0-0 Bg4 10. Be3 Nc6 11. b3 d5 12. c5 Nd7 13. Rc1 Nxc5 14. dxc5 Bxf3 15. Bxf3 d4 16. Bd2 dxc3 17. Bxc3 Bxc3 18. Rxc3 Qa5 19. Qc2 Nd4 20. Qb2 Nxf3+ 21. gxf3 Rad8 22. c6 bxc6 23. Rfc1 Qg5+ 24. Kf1 Qh5 25. Kg1 Rd5 26. Qe2 e6 27. Rxc6 Qg5+ 28. Kf1 Qh4 29. Rc8 Qh3+ 30. Ke1 Qxh2 31. Qb2 Re5+ 32. Kd1 Qg1+ 0-1

[Event "GRE-ch U12 Girls"]
[Site "Rio Achaia"]
[Date "2012.06.27"]
[Round "5.3"]
[White "Mastrakouli, Evagelia"]
[Black "Karathanasi, Eirhnh"]
[Result "1-0"]
[WhiteElo "1404"]
[BlackElo "1372"]
[PlyCount "98"]
[EventDate "2012.06.24"]
[EventType "swiss"]
[EventRounds "7"]
[EventCountry "GRE"]
[SourceTitle "EXT 2024"]
[Source "ChessBase"]
[SourceDate "2023.10.10"]
[SourceVersion "1"]
[SourceVersionDate "2023.10.10"]
[SourceQuality "1"]

1. Nf3 d5 2. d4 Nf6 3. c4 Nc6 4. Nc3 Bf5 5. Bg5 e6 6. e3 Bb4 7. Qb3 a5 8. a3 Bxc3+ 9. bxc3 dxc4 10. Qxb7 Be4 11. Qb2 h6 12. Bxf6 Qxf6 13. Nd2 Bf5 14. Bxc4 Rb8 15. Qa2 0-0 16. 0-0 Qg6 17. Kh1 e5 18. Nf3 Be4 19. Bd5 exd4 20. Bxe4 Qxe4 21. cxd4 Kh8 22. Rfc1 Rbc8 23. Qc2 Qxc2 24. Rxc2 Ne7 25. Rac1 c6 26. Ne5 Rc7 27. e4 f6 28. Nd3 Rcc8 29. Nf4 f5 30. e5 Rfd8 31. Ne6 Rd7 32. Rc4 Rd5 33. Rc5 Rb8 34. h3 Kg8 35. Rxd5 cxd5 36. Rc5 Rc8 37. Rxa5 Rc4 38. Rc5 Ra4 39. Rc7 Kf7 40. Nxg7 Rxd4 41. Rxe7+ Kxe7 42. Nxf5+ Ke6 43. Nxd4+ Kxe5 44. Nf3+ Kd6 45. g4 Kc5 46. h4 Kd6 47. g5 h5 48. g6 Ke7 49. a4 Ke8 1-0